000 00640nam a2200193Ia 4500
005 20250326141046.0
008 250326s9999 xx 000 0 und d
020 _a0-7382-0089-1
037 _aTextbook
040 _aFMSL
_beng
_cFMSL
041 _aeng
_2eng
084 _aX:8ogY:1 N9;1
_qFMSL
100 _aCampbell Andrew
245 0 _aCollaborative enterprise: why links across the corporation often fail and how to make them work
_cCampbell Andrew; Goold Michael
260 _aUnited Kingdom
_bUnited Kingdom, Perseus Books
_c1999
300 _axxii,216
942 _cTB
_hX:8ogY:1 N9;1
999 _c1288510
_d1288510